L'Antico Testamento: conoscerlo, leggerlo, viverlo
Saved in:
| Hovedforfatter: | |
|---|---|
| Format: | Bog |
| Sprog: | italiensk |
| Udgivet: |
Milán
San Paolo
2013
|
| Udgivelse: | 1a. ed |
| Fag: | |
| Tags: |
Tilføj Tag
Ingen Tags, Vær først til at tagge denne postø!
|
MARC
| LEADER | 00000cam a2200000 a 4500 | ||
|---|---|---|---|
| 001 | UCD7429 | ||
| 003 | CL-VaPUC | ||
| 008 | 170326e20130000it |||||||||||||||||ita|d | ||
| 020 | |a 9788821578663 | ||
| 082 | 0 | 4 | |a 221 |b RAV |2 21 |
| 100 | 0 | |a Ravasi, Gianfranco |e author |9 591440 | |
| 245 | 1 | 2 | |a L'Antico Testamento: conoscerlo, leggerlo, viverlo |
| 250 | |a 1a. ed | ||
| 300 | |a 414 p | ||
| 942 | |c BK | ||
| 945 | |d 20170326 03:36:00 |a dcastane | ||
| 260 | |a Milán |b San Paolo |c 2013 | ||
| 650 | 0 | |a Biblia |9 257603 | |
| 650 | 0 | |a Antiguo testamento |9 313678 | |
| 650 | 0 | |a Textos sagrados |9 257605 | |
| 583 | |a last modification |c 20170326 03:36:00 |k Rodrigo Vera | ||
| 999 | |c 367464 |d 367462 | ||
| 952 | |0 0 |1 0 |3 erb |4 0 |6 221_000000000000000_RAV_2013 |7 0 |8 A |9 482340 |a BIBTEO |b BIBTEO |i 5368286 |l 1 |o 221 RAV 2013 |p 5368286 |r 2025-01-17 |s 2022-11-03 |w 2019-11-24 |y BK |z Catalogado en:20170326 |k ICR | ||